000 00765nam a2200217 a 4500
001 BRCA_1187
005 20190320203324.0
008 971023s1989 mx-a---##b---#000-0#spa-#
020 _a9686257020
040 _aDLC
_cDLC
_dDLC
050 4 _aF1391
_b.A76 1989
100 1 _aArmella de Aspe, Virginia
_92324
245 1 0 _aSan Angel ayer y hoy
_cVirginia Armella de Aspe ; fotografía Miguel Cubel.
260 _aMéxico
_bFundación Cultural Probursa
_c1989
300 _a127 p.
_bil. a color
_c31 cm.
500 _aIncluye apéndice
504 _aBibliografía: p. 119-120
651 4 _aAlvaro Obregón (Distrito Federal, México)
_xDescripción y viajes
_93916
651 4 _aAlvaro Obregón (Distrito Federal, México)
_xTrabajos Ilustrados
_93917
942 _2lcc
_cB
999 _c1063
_d1063